000 00534nam a2200205Ia 4500
008 230125s9999 xx 000 0 und d
020 _a978-81-265-7649-4
041 _aeng
082 _a302.35
_bFRA
100 _aFranz T
_9117476
245 _aGroup Dynamics And Team Interventions
260 _c2018
_bWiley Publication
_aNew Delhi
300 _a353p
440 _v2
500 _aOrganizational Behaviour;
650 _aOrganizational Behaviour
700 _aFranz T
_9117476
906 _b27
999 _c95293
_d95293